000 00768nam a2200241Ia 4500
005 20250425162539.0
008 250425s9999 xx 000 0 und d
020 _a9783540790280
041 _aeng
043 _axxu
082 _a621.317
_pQUA
100 _aQuang, Nguyen Phung
245 0 _aVector Control of Three-Phase AC Machines
_bSystem Development in the Practice
_cNguyen Phung Quang, Jorg-Andreas Dittrich
260 _aEstados Unidos
_bSpringer
_c2008
300 _a340 p.
_bIlustrado
_c24 cm
500 _aIncluye tabla de contenido, bibliografía, índice
650 _aControl vectorial
650 _aMáquinas de corriente alterna
_eMáquinas de CA
650 _aVectores
902 _aMonográfico
_cImpreso
942 _c01
010 _a84671
999 _c231469
_d231469